Normal view
MARC view
- المسرحيات العربية
Entry Topical Term
001 - CONTROL NUMBER
- control field: 62610
003 - CONTROL NUMBER IDENTIFIER
- control field: JO-AjAnu
005 - DATE AND TIME OF LATEST TRANSACTION
- control field: 20230606084227.0
008 - FIXED-LENGTH DATA ELEMENTS
- fixed length control field: 230606|| aca||aabn | a|a d
040 ## - CATALOGING SOURCE
- Original cataloging agency: JO-AjAnu
- Transcribing agency: JO-AjAnu
150 ## - HEADING--TOPICAL TERM
- Topical term or geographic name entry element: المسرحيات العربية
670 ## - SOURCE DATA FOUND
- Source citation: Work cat.: (JO-AjAnu)31927: تاليف القضاة، احمد حسن, author 62609, من ماضينا البعيد: مسرحية تاريخية